| 000 | 01019nam a2200217Ia 4500 | ||
|---|---|---|---|
| 001 | 10486 | ||
| 003 | GE_BSU | ||
| 008 | 181216s||||||||xx |||||||||||||| ||und|| | ||
| 040 | _cGE_BSU | ||
| 080 | _a821.353.1-1 | ||
| 100 | _aფშაველა, ვაჟა | ||
| 245 | _aქართული პოეზია. 15 ტომად:ტ.10. ვაჟა ფშაველა:ლექსები.პოემები | ||
| 245 | _cსარედ.კოლ.გრიგოლ აბაშიძე.ანა კალანდაძე.მ.ლებანიძე და სხვ.წინასიტყვ.ავტ. და შემდგ.ნ.ალანია.ბიოგრ. ცნობების ავტ. ს.ხუციშვილი | ||
| 260 | _aთბილისი | ||
| 260 | _bნაკადული | ||
| 260 | _c1978 | ||
| 300 | _a511გვ.18სმ. | ||
| 300 | _cლექსიკონი გვ493-502 | ||
| 653 | _aქართული პოეზია | ||
| 942 | _cBK | ||
| 999 |
_c43741 _d43741 |
||